[Event "SVM-Meisterschaft"]
[Site "Oberaussem"]
[Date "1999.05.24"]
[Round "1"]
[White "Gikas Basilius"]
[Black "Boutko Dimitri"]
[Result "1-0"]
[WhiteElo "2165"]
[BlackElo "2025"]
[PlyCount "109"]

1. e4 e5 2. Nf3 Nc6 3. Bc4 Bc5 4. c3 Nf6 5. d4 exd4 6. cxd4 Bb4+ 7. Bd2 Bxd2+
8. Nbxd2 d5 9. exd5 Nxd5 10. Qb3 Nce7 11. O-O O-O 12. Rfe1 c6 13. a4 Qb6 14.
Qa3 Ng6 15. Bxd5 cxd5 16. a5 Qf6 17. Rac1 Nf4 18. Re3 Bf5 19. Ne5 Rac8 20. Rce1
Qg5 21. g3 Nh3+ 22. Kg2 Nf4+ 23. Kh1 Ne6 24. Qb4 h5 25. Ndf3 Qd8 26. Kg1 Rc7
27. Nh4 Bh3 28. b3 Qe7 29. Qxe7 Rxe7 30. Nd3 Rc7 31. Nf4 Nxf4 32. gxf4 Bc8 33.
Re5 Rc3 34. R1e3 Rc1+ 35. Kg2 Bd7 36. Rxh5 Rd1 37. Nf3 Bg4 38. Rxd5 Rc8 39. h3
Be6 40. Rb5 Rcc1 41. Rxb7 Bd5 42. Rb8+ Kh7 43. Kg3 f6 44. f5 Bc6 45. Rd8 Ra1
46. b4 Rab1 47. Re6 Bb5 48. Re7 a6 49. Rc7 Rdc1 50. Rb7 Bd3 51. Rdd7 Bxf5 52.
Rxg7+ Kh6 53. Rgf7 Rc6 54. Rf8 Rb3 55. Kf4 1-0

[Event "SVM-Meisterschaft"]
[Site "Oberaussem"]
[Date "1999.05.24"]
[Round "1"]
[White "Fuhs Juergen"]
[Black "Philipowski Robert"]
[Result "1/2-1/2"]
[WhiteElo "2020"]
[BlackElo "2150"]
[PlyCount "48"]

1. e4 c5 2. Nf3 a6 3. c4 Nc6 4. d4 cxd4 5. Nxd4 Nf6 6. Nc3 e5 7. Nxc6 dxc6 8.
Qxd8+ Kxd8 9. Be3 Kc7 10. f3 Bb4 11. O-O-O Bxc3 12. bxc3 Be6 13. Kb2 Rhd8 14.
Be2 b6 15. a3 Nd7 16. Kc2 Nc5 17. Bxc5 bxc5 18. Rxd8 {Remisangebot} 18... Rxd8
19. Rd1 Rxd1 20. Kxd1 Kb6 21. Kc2 Ka5 22. Kb3 g5 23. g4 f6 24. Bd3 h6 1/2-1/2

[Event "SVM-Meisterschaft"]
[Site "Oberaussem"]
[Date "1999.05.24"]
[Round "1"]
[White "Eichhorn Andreas"]
[Black "Vossen Peter"]
[Result "1/2-1/2"]
[WhiteElo "2145"]
[BlackElo "2000"]
[PlyCount "58"]
[EventDate "1999.??.??"]

1. d4 d5 2. c4 e6 3. Nc3 c5 4. cxd5 exd5 5. Nf3 Nc6 6. g3 Nf6 7. Bg2 Be7 8. O-O
O-O 9. Bg5 cxd4 10. Nxd4 h6 11. Be3 Re8 12. Rc1 Bg4 13. Nxc6 bxc6 14. Na4 Qa5
15. f3 Be6 16. Bc5 Rab8 17. a3 Bxc5+ 18. Rxc5 Qa6 19. b4 d4 20. Ra5 Qc4 21. Qd2
Bd5 22. Nb2 Qxe2 23. Qxd4 Ng4 24. Nd1 Ne3 25. Nxe3 Rxe3 26. Rf2 Qe1+ 27. Rf1
Qe2 28. Rf2 Qe1+ 29. Rf1 Qe2 1/2-1/2

[Event "SVM-Meisterschaft"]
[Site "Oberaussem"]
[Date "1999.05.24"]
[Round "1"]
[White "Hund Gerhard"]
[Black "Ljuboschitz Alexander"]
[Result "1-0"]
[WhiteElo "1980"]
[BlackElo "2125"]
[PlyCount "77"]

1. Nf3 Nf6 2. d4 g6 3. c4 Bg7 4. Nc3 O-O 5. e4 d6 6. h3 c5 7. Be3 cxd4 8. Nxd4
Nc6 9. Be2 Bd7 10. Qd2 a6 11. O-O Nxd4 12. Bxd4 Qa5 13. Rfd1 Rfe8 14. c5 Bc6
15. cxd6 exd6 16. f3 Qh5 17. Bc4 Rad8 18. Qf4 g5 19. Qg3 b5 20. Bb3 Qg6 21. Qf2
b4 22. Nd5 Nxd5 23. Bxg7 Qxg7 24. Bxd5 Bxd5 25. Rxd5 Re5 26. Qb6 Rde8 27. Rxd6
h5 28. Re1 g4 29. hxg4 hxg4 30. fxg4 Qxg4 31. Rd8 Qg3 32. Rxe8+ Rxe8 33. Re3
Qg5 34. Rh3 Rd8 35. Qxb4 Qc1+ 36. Kh2 Qc7+ 37. Rg3+ Kh7 38. e5 Qxe5 39. Qh4+
1-0

[Event "SVM-Meisterschaft"]
[Site "Oberaussem"]
[Date "1999.05.24"]
[Round "1"]
[White "Tochtenhagen Wolfgang"]
[Black "Gorzan Ramin"]
[Result "1/2-1/2"]
[WhiteElo "2085"]
[BlackElo "1975"]
[PlyCount "48"]

1. e4 c6 2. d4 d5 3. e5 Bf5 4. Nf3 e6 5. Be2 Ne7 6. O-O Nd7 7. b3 Ng6 8. c4 Be7
9. Bd3 Bxd3 10. Qxd3 O-O 11. Ba3 Bxa3 12. Nxa3 dxc4 13. Nxc4 c5 14. dxc5 Nxc5
15. Qe3 b6 16. Rfd1 Qc7 17. Rac1 Rfd8 18. Nd6 Qe7 19. b4 Nb7 20. Qe4 Rd7 21.
Nd4 Qh4 22. Qxh4 Nxh4 23. Nxb7 Rxb7 24. f4 Ng6 1/2-1/2

[Event "SVM-Meisterschaft"]
[Site "Oberaussem"]
[Date "1999.05.24"]
[Round "1"]
[White "Scharff Klaus"]
[Black "Mueller Dieter"]
[Result "1-0"]
[WhiteElo "1970"]
[BlackElo "2080"]
[PlyCount "79"]

1. d3 e6 2. e3 f5 3. f4 Nf6 4. Nf3 Be7 5. g3 O-O 6. Bg2 c5 7. O-O Nc6 8. h3 d6
9. Nc3 Qe8 10. Qe1 e5 11. fxe5 dxe5 12. e4 fxe4 13. dxe4 Be6 14. Be3 Qh5 15.
Ng5 Bd7 16. Nd5 Nxd5 17. exd5 Rxf1+ 18. Bxf1 Bxg5 19. dxc6 Bxc6 20. g4 Qh6 21.
Bxc5 b6 22. Bf2 e4 23. Rd1 Rf8 24. Bc4+ Kh8 25. h4 e3 26. Bg3 Be7 27. Kh2 Qg6
28. Rd3 Qxg4 29. Rxe3 Bc5 30. Be6 Qg6 31. Rd3 h6 32. b4 Rf2+ 33. Kh3 Bg2+ 34.
Kh2 Be4+ 35. Qxf2 Bxf2 36. Rd8+ Kh7 37. Bg8+ Kh8 38. Bf7+ Kh7 39. Bxg6+ Kxg6
40. Bxf2 1-0

[Event "SVM-Meisterschaft"]
[Site "Oberaussem"]
[Date "1999.05.24"]
[Round "1"]
[White "Telke Holger"]
[Black "Raupach Gregor"]
[Result "1-0"]
[WhiteElo "2050"]
[BlackElo "1920"]
[PlyCount "39"]

1. d4 Nf6 2. Nf3 e6 3. c4 d5 4. g3 c5 5. cxd5 Nxd5 6. Bg2 Nc6 7. O-O Bd7 8. e4
Ndb4 9. d5 Nd4 10. Nxd4 cxd4 11. a3 Qa5 12. Nd2 Nd3 13. Nc4 Nxf2 14. Rxf2 Qc5
15. Ne5 Bb5 16. Nxf7 Rg8 17. Qf3 Be7 18. Bg5 d3 19. Be3 Qc7 20. d6 1-0

[Event "SVM-Meisterschaft"]
[Site "Oberaussem"]
[Date "1999.05.25"]
[Round "2"]
[White "Koehler Markus"]
[Black "Gikas Basilius"]
[Result "1/2-1/2"]
[WhiteElo "2040"]
[BlackElo "2165"]
[PlyCount "102"]

1. e4 c5 2. Nf3 e6 3. d4 cxd4 4. Nxd4 Nf6 5. Bd3 Nc6 6. Be3 d5 7. exd5 Nxd4 8.
Bxd4 Qxd5 9. O-O Bd7 10. Be2 Bc5 11. Bxf6 Qxd1 12. Rxd1 gxf6 13. Nc3 Bc6 14.
Bb5 Rc8 15. Bxc6+ Rxc6 16. Ne4 Be7 17. c3 f5 18. Ng3 Bf6 19. Nh5 Bg5 20. f4 Bh4
21. Rd3 Rc7 22. Rad1 O-O 23. Ng3 Rfc8 24. Ne2 Bf6 25. Nd4 a6 26. Nf3 Rc4 27. g3
R8c7 28. Rd7 Kf8 29. Rxc7 Rxc7 30. Kf2 Ke7 31. Ke3 h5 32. Rd3 Rc8 33. Kd2 h4
34. Nxh4 Bxh4 35. gxh4 Rg8 36. Rg3 Rh8 37. Rh3 Rg8 38. Rg3 Rh8 39. Rh3 Rh5 40.
c4 f6 41. b4 e5 42. a4 Kd6 43. Kd3 Kc6 44. Kc3 b6 45. b5+ axb5 46. axb5+ Kc7
47. Kb4 exf4 48. c5 f3 49. cxb6+ Kxb6 50. Rxf3 Rxh4+ 51. Kc3 Rxh2 1/2-1/2

[Event "SVM-Meisterschaft"]
[Site "Oberaussem"]
[Date "1999.05.25"]
[Round "2"]
[White "Hund Gerhard"]
[Black "Telke Holger"]
[Result "1/2-1/2"]
[WhiteElo "1980"]
[BlackElo "2050"]
[PlyCount "166"]

1. Nf3 d5 2. d4 Bf5 3. c4 e6 4. Qb3 Nc6 5. Bd2 Rb8 6. e3 Nf6 7. cxd5 Nxd5 8. a3
a6 9. Nc3 Nb6 10. Na4 Nxa4 11. Qxa4 Qd7 12. Rc1 Be4 13. Be2 Be7 14. O-O O-O 15.
Rfd1 Rfd8 16. Qb3 Qd5 17. Qxd5 Bxd5 18. Bc3 Bf6 19. Nd2 Na7 20. Ba5 b6 21. Rxc7
Nb5 22. Bxb5 bxa5 23. Bxa6 Rxb2 24. a4 g6 25. Bb5 Kf8 26. Nf1 Be7 27. Rdc1 Bb4
28. f3 Bb3 29. Ra7 Kg7 30. Rcc7 e5 31. Bc4 Bxc4 32. Rxc4 exd4 33. exd4 Rxd4 34.
Rcc7 Rf4 35. Ne3 Be1 36. Nd1 Rb1 37. Rd7 Bc3 38. Rab7 Rxb7 39. Rxb7 Bf6 40. Nb2
Bxb2 41. Rxb2 Rxa4 42. Rb6 h5 43. g3 h4 44. Kg2 hxg3 45. hxg3 Ra1 46. Ra6 a4
47. Kh2 a3 48. Kg2 a2 49. Kh2 Kf8 50. Ra7 Ke8 51. Kg2 Kd8 52. Kh2 Kc8 53. Kg2
Kb8 54. Ra3 Kb7 55. Ra4 Kc6 56. Ra8 Kb6 57. Ra3 Kb7 58. Ra4 Kc7 59. Ra7+ Kd6
60. Ra8 Ke5 61. Re8+ Kf6 62. Ra8 Kg5 63. Ra5+ f5 64. Ra4 Kh5 65. Rh4+ Kg5 66.
Ra4 Kh6 67. Ra7 g5 68. Ra8 Kg6 69. Ra6+ Kf7 70. Ra8 Ke7 71. Ra6 Kd7 72. Ra8 Kc6
73. Ra5 Kb6 74. Ra8 Kc6 75. Ra5 Rc1 76. Rxa2 Kd5 77. Rd2+ Kc4 78. Rd8 Rc2+ 79.
Kh3 Rf2 80. Rg8 Rxf3 81. Rxg5 Kd4 82. Kg2 Ke4 83. Rg8 Ra3 1/2-1/2

[Event "SVM-Meisterschaft"]
[Site "Oberaussem"]
[Date "1999.05.25"]
[Round "2"]
[White "Philipowski Robert"]
[Black "Scharff Klaus"]
[Result "1-0"]
[WhiteElo "2150"]
[BlackElo "1970"]
[PlyCount "153"]

1. e4 e6 2. Nf3 d6 3. d4 h6 4. c4 Ne7 5. Nc3 Nd7 6. Be2 g5 7. h3 Ng6 8. Be3 Bg7
9. Qd2 a6 10. d5 e5 11. g3 Nf6 12. h4 g4 13. Nh2 h5 14. O-O Bd7 15. f3 Nxh4 16.
fxg4 hxg4 17. gxh4 Nxe4 18. Nxe4 Qxh4 19. Bxg4 Bxg4 20. Qf2 f5 21. Qxh4 Rxh4
22. Bg5 Rxh2 23. Kxh2 fxe4 24. Rg1 Bf3 25. Bf6 Bf8 26. Rg6 Kf7 27. Rag1 e3 28.
R6g3 e4 29. Bc3 Bh6 30. Kh3 Rf8 31. Rg6 Bf4 32. Rg7+ Ke8 33. Rxc7 Kd8 34. Rxb7
Kc8 35. Rh7 Be5 36. Bxe5 dxe5 37. d6 e2 38. Re1 e3 39. c5 Kb8 40. Kg3 Be4 41.
Rh4 Rf3+ 42. Kg4 Rf1 43. Rh8+ Kb7 44. d7 Bf5+ 45. Kg5 Bxd7 46. Rxe2 Rf5+ 47.
Kg6 Rf3 48. Rh7 Kc6 49. Re7 Bf5+ 50. Kg5 Bd3 51. Re1 e4 52. b4 Kd5 53. Rd7+ Ke6
54. Rd6+ Ke5 55. Kg4 e2 56. Rh6 Rf1 57. Rh1 Rf4+ 58. Kg3 Rf6 59. Rc1 Rc6 60.
Rhe1 Kd4 61. Kf4 e3 62. Kf3 Rf6+ 63. Kg2 Bb5 64. Ra1 Rf2+ 65. Kg3 Ba4 66. Rac1
Bc6 67. a4 Kd3 68. Ra1 Kd2 69. Rg1 Rf1 70. Rgxf1 exf1=Q 71. Rxf1 Bxa4 72. Rf6
Kc3 73. Rxa6 Bb5 74. Rb6 Kd2 75. Rd6+ Ke1 76. Kg2 Bf1+ 77. Kg1 1-0

[Event "SVM-Meisterschaft"]
[Site "Oberaussem"]
[Date "1999.05.25"]
[Round "2"]
[White "Gorzan Ramin"]
[Black "Eichhorn Andreas"]
[Result "1/2-1/2"]
[WhiteElo "1975"]
[BlackElo "2145"]
[PlyCount "96"]

1. d4 Nf6 2. c4 e6 3. Nf3 Bb4+ 4. Bd2 Qe7 5. g3 Nc6 6. Bg2 Bxd2+ 7. Nbxd2 a5 8.
O-O d6 9. e4 e5 10. d5 Nb8 11. Ne1 h5 12. h3 Bd7 13. Nd3 Na6 14. b3 h4 15. g4
c6 16. a3 cxd5 17. exd5 g5 18. b4 axb4 19. axb4 Rc8 20. c5 Bb5 21. cxd6 Qxd6
22. Ne4 Nxe4 23. Bxe4 Rc4 24. Qf3 Ke7 25. Rfe1 f6 26. Ra5 Bd7 27. b5 Nc5 28.
Nxc5 Rxc5 29. Rb1 {Remisangebot} 29... Kf7 30. Qa3 Rhc8 31. b6 Rc1+ 32. Qxc1
Rxc1+ 33. Rxc1 Qb4 34. Ra7 Qxe4 35. Rxb7 Qxd5 36. Rxd7+ Qxd7 37. Rc7 Ke6 38.
Rxd7 Kxd7 39. Kg2 e4 40. f3 Kc6 41. fxe4 Kxb6 42. Kf3 Kc6 43. Ke3 Kc5 44. Kd3
Kd6 45. Kd4 Ke6 46. Kd3 Ke7 47. Kc4 Ke6 48. Kd3 Kd7 1/2-1/2

[Event "SVM-Meisterschaft"]
[Site "Oberaussem"]
[Date "1999.05.25"]
[Round "2"]
[White "Vossen Peter"]
[Black "Tochtenhagen Wolfgang"]
[Result "1/2-1/2"]
[WhiteElo "2000"]
[BlackElo "2085"]
[PlyCount "107"]

1. d4 Nf6 2. c4 g6 3. Nc3 Bg7 4. e4 d6 5. Bg5 O-O 6. Qd2 Na6 7. Nf3 c5 8. d5
Nc7 9. h3 e5 10. a3 a6 11. b4 b6 12. Bd3 Qe8 13. bxc5 bxc5 14. Rb1 Nd7 15. O-O
f5 16. Bh6 f4 17. Bxg7 Kxg7 18. Bc2 Qe7 19. Ba4 h5 20. Bc6 Ra7 21. Na4 g5 22.
g3 g4 23. Nh4 Nf6 24. Rb8 Nxe4 25. Qd3 fxg3 26. fxg3 Rxf1+ 27. Qxf1 Qg5 28. Qe1
Bf5 29. Nxf5+ Qxf5 30. Nc3 Ng5 31. Qe3 Nf3+ 32. Kg2 gxh3+ 33. Kh1 Nd4 34. Rb1
Nxc6 35. dxc6 Ne6 36. Qe4 Qxe4+ 37. Nxe4 Nd8 38. Nxd6 Nxc6 39. Kh2 Rd7 40. Ne4
Rd3 41. Rb7+ Kf8 42. Rb6 Na5 43. Rxa6 Rxa3 44. Nxc5 Kf7 45. Kxh3 Nxc4 46. Rxa3
Nxa3 47. Kh4 Kg6 48. g4 hxg4 49. Kxg4 Nb5 50. Nd7 e4 51. Kf4 Nd6 52. Nc5 Kf7
53. Nxe4 Nxe4 54. Kxe4 1/2-1/2

[Event "SVM-Meisterschaft"]
[Site "Oberaussem"]
[Date "1999.05.25"]
[Round "2"]
[White "Ljuboschitz Alexander"]
[Black "Fuhs Juergen"]
[Result "1-0"]
[WhiteElo "2125"]
[BlackElo "2020"]
[PlyCount "75"]

1. e4 c5 2. Nf3 d6 3. d4 cxd4 4. Nxd4 Nf6 5. Nc3 g6 6. Be3 Bg7 7. Be2 Nc6 8.
Qd2 O-O 9. f4 a6 10. O-O Ng4 11. Bxg4 Bxg4 12. f5 Ne5 13. b3 Rc8 14. Nd5 Nc6
15. c4 e6 16. f6 exd5 17. fxg7 Re8 18. exd5 Ne5 19. h3 Bd7 20. Bg5 Qb6 21. Kh1
f5 22. Nf3 Qc5 23. Bf6 Nf7 24. Bd4 Qc7 25. a4 Re4 26. Rae1 Rce8 27. Rxe4 Rxe4
28. Bb2 Qb6 29. Nd4 Qd8 30. Nf3 Qb6 31. Nd4 Qd8 32. Re1 Qg5 33. Qb4 Qf4 34. Nf3
Qg3 35. Bc3 Ng5 36. Qxb7 Be8 37. Qc8 Nxf3 38. Qxe8+ 1-0

[Event "SVM-Meisterschaft"]
[Site "Oberaussem"]
[Date "1999.05.25"]
[Round "2"]
[White "Mueller Dieter"]
[Black "Boutko Dimitri"]
[Result "1-0"]
[WhiteElo "2080"]
[BlackElo "2025"]
[PlyCount "65"]

1. f4 g6 2. Nf3 Bg7 3. e4 d6 4. Nc3 Nd7 5. g3 Ngf6 6. Bg2 O-O 7. O-O c6 8. a4
a5 9. Qe1 e5 10. d3 Re8 11. Kh1 h6 12. h3 Nc5 13. fxe5 dxe5 14. Qf2 Ncd7 15. g4
Nh7 16. Be3 Nhf8 17. Qd2 Kh7 18. g5 h5 19. Nh4 Qe7 20. Qe2 Ne6 21. Nf5 Qf8 22.
Ng3 Qe7 23. Nf5 Qf8 24. Qf2 Rb8 25. Ne2 c5 26. Neg3 gxf5 27. exf5 Nf4 28. Bxf4
exf4 29. Nxh5 Ne5 30. Qh4 Kg8 31. Be4 Qd6 32. Nxg7 Kxg7 33. f6+ 1-0

[Event "SVM-Meisterschaft"]
[Site "Oberaussem"]
[Date "1999.05.25"]
[Round "2"]
[White "Raupach Gregor"]
[Black "Schulz Wilhelm"]
[Result "1-0"]
[WhiteElo "1920"]
[BlackElo "2070"]
[PlyCount "71"]

1. d4 d5 2. Nf3 e6 3. c4 c6 4. cxd5 exd5 5. Nc3 Nf6 6. Bg5 Nbd7 7. e3 Be7 8.
Bd3 O-O 9. O-O Re8 10. Rc1 Ne4 11. Bf4 f5 12. Nxd5 Bd6 13. Bxd6 Nxd6 14. Nf4
Nf8 15. Qb3+ Kh8 16. Rfd1 Ne6 17. d5 Nxf4 18. exf4 cxd5 19. Qxd5 Be6 20. Qd4
Qe7 21. Re1 Qf8 22. Ne5 a6 23. Re3 Rad8 24. Qa4 Bd5 25. Be2 Nf7 26. Bh5 Re7 27.
Rce1 Kg8 28. Nxf7 Rxe3 29. Nh6+ gxh6 30. Rxe3 Bf7 31. Rg3+ Bg6 32. h4 Rd6 33.
Be2 Kh8 34. h5 Be8 35. Qb3 Rc6 36. Bc4 1-0

[Event "SVM-Meisterschaft"]
[Site "Oberaussem"]
[Date "1999.05.26"]
[Round "3"]
[White "Telke Holger"]
[Black "Philipowski Robert"]
[Result "1/2-1/2"]
[WhiteElo "2050"]
[BlackElo "2150"]
[PlyCount "43"]

1. d4 Nf6 2. Nf3 d5 3. c4 c6 4. cxd5 cxd5 5. g3 Nc6 6. Bg2 Bf5 7. O-O e6 8. Bg5
Be7 9. Nc3 h6 10. Bf4 O-O 11. Rc1 Rc8 12. Qa4 a6 13. Ne5 Qb6 14. Nxc6 bxc6 15.
Be5 Ng4 16. e4 dxe4 17. Nxe4 Nxe5 18. dxe5 Bxe4 19. Bxe4 Qxb2 20. Rxc6 Rxc6 21.
Bxc6 Qb6 22. Be4 1/2-1/2

[Event "SVM-Meisterschaft"]
[Site "Oberaussem"]
[Date "1999.05.26"]
[Round "3"]
[White "Eichhorn Andreas"]
[Black "Koehler Markus"]
[Result "0-1"]
[WhiteElo "2145"]
[BlackElo "2040"]
[PlyCount "110"]

1. d4 Nf6 2. c4 g6 3. Nc3 Bg7 4. e4 d6 5. f3 O-O 6. Be3 Nc6 7. Nge2 a6 8. Qd2
Rb8 9. Nc1 e5 10. d5 Nd4 11. Nb3 c5 12. dxc6 Nxb3 13. c7 Qxc7 14. axb3 Be6 15.
Be2 Ne8 16. Nd5 Bxd5 17. Qxd5 Kh8 18. O-O f5 19. exf5 gxf5 20. Rad1 b6 21. Rd2
f4 22. Bf2 a5 23. b4 axb4 24. Ra1 Bf6 25. Ra6 Bd8 26. b3 Rg8 27. Bf1 Qc8 28.
Ra7 Rg7 29. Rf7 Be7 30. Bh4 Nc7 31. Bxe7 Nxd5 32. Rf8+ Qxf8 33. Bxf8 Rxf8 34.
Rxd5 Rd7 35. Rb5 Rb8 36. Bd3 Ra7 37. Be4 Ra1+ 38. Kf2 Ra2+ 39. Kf1 Rg8 40. Rxb6
Rgxg2 41. Rxd6 Rgb2 42. Rd1 Rxh2 43. Kg1 Rag2+ 44. Kf1 Rh1+ 45. Kxg2 Rxd1 46.
c5 Rc1 47. c6 Rc3 48. Bd5 Rc5 49. Be4 Kg7 50. Kh3 Kf6 51. Bxh7 Rxc6 52. Kg2 Rc3
53. Bg8 Ke7 54. Kf2 Rc2+ 55. Ke1 Kd6 0-1

[Event "SVM-Meisterschaft"]
[Site "Oberaussem"]
[Date "1999.05.26"]
[Round "3"]
[White "Scharff Klaus"]
[Black "Ljuboschitz Alexander"]
[Result "0-1"]
[WhiteElo "1970"]
[BlackElo "2125"]
[Annotator "Scharff Kl."]
[PlyCount "104"]

1. d3 g6 2. g3 Bg7 3. Bg2 d6 4. Nf3 e5 5. Bg5 f6 6. Bd2 f5 7. Qc1 Nc6 8. h4 Nf6
9. Bh6 Qe7 10. c4 Bxh6 11. Qxh6 e4 12. dxe4 fxe4 13. Nfd2 Ng4 14. Qg5 e3 15.
Bxc6+ bxc6 16. Qxe7+ Kxe7 17. fxe3 Nxe3 18. Na3 Bg4 19. Kf2 Nf5 20. Nc2 Rhf8
21. Nf3 Kd7 22. Kg2 Rae8 23. Rhe1 Ne3+ 24. Nxe3 Rxe3 25. Kf2 Re4 26. Rac1 c5
27. b3 a5 28. Rcd1 $2 (28. Rc3) 28... Rxe2+ 29. Rxe2 Bxf3 30. Ke1 Bxe2 31. Kxe2
a4 32. h5 axb3 33. axb3 Ke6 34. h6 Rf5 35. g4 Rf4 36. Rg1 g5 37. Ke3 Ke5 38.
Kd3 Rf3+ 39. Kd2 Rxb3 40. Re1+ Kf6 41. Re8 Rh3 42. Rf8+ Ke5 43. Rf5+ Kd4 44.
Rxg5 Rh2+ 45. Ke1 Rxh6 46. Rg7 Kxc4 47. Rxc7 Rh2 48. Kf1 d5 49. Kg1 Rh4 50. Rg7
d4 51. Kg2 d3 52. Kg3 Rh1 0-1

[Event "SVM-Meisterschaft"]
[Site "Oberaussem"]
[Date "1999.05.26"]
[Round "3"]
[White "Tochtenhagen Wolfgang"]
[Black "Raupach Gregor"]
[Result "1-0"]
[WhiteElo "2085"]
[BlackElo "1920"]
[PlyCount "143"]

1. e4 e5 2. Nf3 Nf6 3. d4 Nxe4 4. Nxe5 d6 5. Nf3 d5 6. Be2 Bd6 7. O-O O-O 8. c4
dxc4 9. Bxc4 Bg4 10. Nc3 Re8 11. Bd3 f5 12. Qb3+ Kh8 13. Nxe4 fxe4 14. Ng5 Qxg5
15. Bxg5 exd3 16. Qxd3 Nc6 17. Rfe1 Rf8 18. Bh4 Nb4 19. Qb3 Nc6 20. d5 Nd4 21.
Qa4 Rf4 22. Re8+ Rxe8 23. Qxe8+ Rf8 24. Qa4 Bc5 25. Qc4 Bb6 26. Re1 Bd7 27. Qb4
Kg8 28. Qe7 Bb5 29. Bg3 Rf7 30. Qd8+ Rf8 31. Qg5 Ne2+ 32. Kh1 Nxg3+ 33. fxg3 h6
34. Qh5 Rf2 35. Qe5 Bf1 36. Qe8+ Kh7 37. Qe4+ Kg8 38. Qe8+ Kh7 39. Qe4+ Kg8 40.
h4 Bxg2+ 41. Qxg2 Rxg2 42. Kxg2 Kf7 43. g4 Bd4 44. b3 Bf6 45. h5 Be7 46. Kf3
Bd6 47. Re6 Ba3 48. Rg6 Be7 49. Re6 Ba3 50. Ke4 Bb4 51. Kf5 Ba3 52. Re4 Bd6 53.
Rc4 a6 54. Rc2 Bg3 55. b4 Bd6 56. a4 Bg3 57. b5 axb5 58. axb5 b6 59. Rg2 Bd6
60. Ra2 Be7 61. Ra8 Bc5 62. Rd8 Ke7 63. Rc8 Kd6 64. Kg6 Bd4 65. Rd8+ Kc5 66.
Rd7 Kxb5 67. Rxc7 Be5 68. Rxg7 Bxg7 69. Kxg7 Kc5 70. g5 hxg5 71. h6 Kxd5 72. h7
1-0

[Event "SVM-Meisterschaft"]
[Site "Oberaussem"]
[Date "1999.05.26"]
[Round "3"]
[White "Vossen Peter"]
[Black "Mueller Dieter"]
[Result "0-1"]
[WhiteElo "2000"]
[BlackElo "2080"]
[PlyCount "46"]

1. d4 d5 2. c4 e5 3. dxe5 d4 4. Nf3 Nc6 5. a3 Bg4 6. Nbd2 Qd7 7. b4 Be7 8. Bb2
f6 9. b5 Nxe5 10. Bxd4 Qe6 11. e3 c5 12. Bb2 Rd8 13. Qb3 Nh6 14. Nxe5 fxe5 15.
Ne4 O-O 16. Bd3 Nf5 17. O-O Nh4 18. f3 Bxf3 19. gxf3 Qg6+ 20. Kf2 Qg2+ 21. Ke1
Nxf3+ 22. Rxf3 Rxf3 23. Kd1 Rf1# 0-1

[Event "SVM-Meisterschaft"]
[Site "Oberaussem"]
[Date "1999.05.26"]
[Round "3"]
[White "Fuhs Juergen"]
[Black "Gorzan Ramin"]
[Result "1-0"]
[WhiteElo "2020"]
[BlackElo "1975"]
[PlyCount "73"]

1. e4 c6 2. d4 d5 3. e5 Bf5 4. Nf3 e6 5. Be2 Ne7 6. O-O Nd7 7. c3 c5 8. Qb3 Qc7
9. Be3 c4 10. Qd1 Rb8 11. Nh4 Bg6 12. f4 Nf5 13. Nxf5 exf5 14. Nd2 h5 15. Nf3
Be7 16. Ng5 Nf8 17. Rc1 Ne6 18. b3 b5 19. a4 a6 20. axb5 axb5 21. Ra1 Kd7 22.
bxc4 bxc4 23. Ra6 Rb3 24. Nxe6 fxe6 25. Qa1 Bd8 26. Bd1 Rb6 27. Ba4+ Ke7 28.
Rxb6 Qxb6 29. Rb1 Qc7 30. Bc1 Kf7 31. Ba3 Be7 32. Bxe7 Qxe7 33. Bc6 Rc8 34. Qa6
Rc7 35. Rb8 Ra7 36. Be8+ Kf8 37. Bxg6+ 1-0

[Event "SVM-Meisterschaft"]
[Site "Oberaussem"]
[Date "1999.05.26"]
[Round "3"]
[White "Boutko Dimitri"]
[Black "Schulz Wilhelm"]
[Result "0-1"]
[WhiteElo "2025"]
[BlackElo "2070"]
[PlyCount "114"]

1. e4 e5 2. Nf3 Nc6 3. Bc4 Nf6 4. d3 Be7 5. O-O O-O 6. c3 d6 7. Bb3 Na5 8. Bc2
c5 9. Nbd2 Nc6 10. a4 Re8 11. Nc4 Bf8 12. Re1 Qc7 13. Bb3 h6 14. Ne3 g6 15. Nh4
Kh7 16. Qf3 Bg7 17. g4 Qe7 18. Nhg2 Be6 19. Nd5 Qd8 20. Nge3 Rc8 21. Kg2 Ng8
22. Qg3 Nce7 23. h4 Nxd5 24. exd5 Bd7 25. Nc4 Bf8 26. g5 Bf5 27. Nd2 h5 28. Ne4
Bg7 29. Bd2 Qb6 30. Ra3 a5 31. Bc1 31... Rf8 {Remisangebot} 32. Bc4 Ne7 33. Rb3
Qc7 34. f4 Bxe4+ 35. dxe4 f5 36. gxf6 Bxf6 37. Rf1 Bg7 38. Ra3 Ng8 39. Ra1 Qe7
40. f5 gxf5 41. Rxf5 Rxf5 42. exf5 Qf7 43. Ba2 Qxf5 44. Bb1 e4 45. Qxd6 Qf3+
46. Kh2 Nf6 47. Qf4 Qe2+ 48. Kh1 Rf8 49. Be3 Kh8 50. Qf2 Qd1+ 51. Kg2 Qg4+ 52.
Qg3 Nxd5 53. Bxc5 Qe2+ 54. Kh1 Rf1+ 55. Bg1 Qf3+ 56. Qg2 Ne3 57. Qxf3 exf3 0-1

[Event "SVM-Meisterschaft"]
[Site "Oberaussem"]
[Date "1999.05.26"]
[Round "3"]
[White "Gikas Basilius"]
[Black "Hund Gerhard"]
[Result "1/2-1/2"]
[WhiteElo "2165"]
[BlackElo "1980"]
[PlyCount "158"]

1. e4 c5 2. Nf3 d6 3. d4 cxd4 4. Nxd4 Nf6 5. Nc3 a6 6. Be3 e5 7. Nf3 Nbd7 8.
Bc4 Qc7 9. Bb3 Be7 10. O-O O-O 11. Qe2 b5 12. Bg5 Bb7 13. Rad1 Rac8 14. a3 Nc5
15. Bxf6 Bxf6 16. Bd5 Bc6 17. Bxc6 Qxc6 18. Nd5 Bd8 19. g4 Qd7 20. Ne1 Ne6 21.
c3 Ng5 22. Kh1 Rc4 23. f3 h5 24. Ne3 Rc6 25. Nd3 Qe6 26. Nb4 Rb6 27. Ned5 hxg4
28. fxg4 Qg6 29. Nxb6 Bxb6 30. Nd5 Bd8 31. Rf5 Qh6 32. Rdf1 Qh4 33. R5f2 Qh7
34. Re1 Ne6 35. Rf5 g6 36. Rff1 Kg7 37. Rd1 Bg5 38. Qf3 Nf4 39. Nxf4 Bxf4 40.
h3 Rd8 41. Rd5 g5 42. Rfd1 Qg6 43. Qd3 Qe6 44. Kg2 Qg6 45. Kf1 Qh7 46. Ke2 Rc8
47. Re1 Rc6 48. Kd1 Qg6 49. Kc2 Kf8 50. Kb1 Ke7 51. Ka1 Qe6 52. Qe2 Qc8 53.
Red1 Qb8 54. Qf2 a5 55. h4 Ra6 56. hxg5 b4 57. a4 bxc3 58. Rb5 Qc8 59. bxc3
Qxc3+ 60. Qb2 Qxb2+ 61. Kxb2 Bxg5 62. Rdd5 Be3 63. Rxa5 Bd4+ 64. Kb3 Rc6 65.
Rdb5 Rc3+ 66. Kb4 Rg3 67. Rb7+ Ke6 68. Ra8 Rxg4 69. Re8+ Kf6 70. Rf8 Rxe4 71.
Rbxf7+ Ke6 72. a5 Kd5 73. a6 Re1 74. Rf1 Re2 75. Kb3 Rb2+ 76. Ka4 Ra2+ 77. Kb5
Rb2+ 78. Ka4 e4 79. Rd1 Ra2+ 1/2-1/2

[Event "SVM-Meisterschaft"]
[Site "Oberaussem"]
[Date "1999.05.27"]
[Round "4"]
[White "Koehler Markus"]
[Black "Tochtenhagen Wolfgang"]
[Result "1/2-1/2"]
[WhiteElo "2040"]
[BlackElo "2085"]
[PlyCount "35"]

1. e4 c5 2. Nf3 Nc6 3. d4 cxd4 4. Nxd4 g6 5. c4 Bg7 6. Be3 Nf6 7. Nc3 Ng4 8.
Qxg4 Nxd4 9. Qd1 e5 10. Qd2 O-O 11. Nd5 d6 12. Bd3 Ne6 13. g4 Nd4 14. Bxd4 exd4
15. f3 Be6 16. h4 Bxd5 17. cxd5 Rc8 18. Rb1 1/2-1/2

[Event "SVM-Meisterschaft"]
[Site "Oberaussem"]
[Date "1999.05.27"]
[Round "4"]
[White "Mueller Dieter"]
[Black "Gikas Basilius"]
[Result "0-1"]
[WhiteElo "2080"]
[BlackElo "2165"]
[PlyCount "82"]

1. e4 c5 2. Nf3 d6 3. c3 Nf6 4. Bd3 Nc6 5. Bc2 Bg4 6. h3 Bxf3 7. Qxf3 g6 8. O-O
Bg7 9. Rd1 Rc8 10. Na3 Nd7 11. d3 a6 12. Be3 O-O 13. d4 b5 14. dxc5 Nce5 15.
Qe2 Nxc5 16. f4 Ned7 17. Rac1 Qc7 18. Bb1 Qb7 19. Bf2 Bh6 20. Bg3 Nf6 21. Re1
Nh5 22. Qg4 b4 23. cxb4 Qxb4 24. Nc4 Ne6 25. a3 Qb5 26. f5 Bxc1 27. Rxc1 Rxc4
28. Re1 Nxg3 29. fxe6 Qc5+ 30. Kh2 Nh5 31. exf7+ Kh8 32. Ba2 Rc1 33. Rxc1 Qxc1
34. Qe2 Qf4+ 35. Kg1 Rc8 36. Bc4 Kg7 37. b3 e6 38. Qb2+ Qf6 39. Qd2 Qa1+ 40.
Kh2 Qe5+ 41. Kg1 a5 0-1

[Event "SVM-Meisterschaft"]
[Site "Oberaussem"]
[Date "1999.05.27"]
[Round "4"]
[White "Philipowski Robert"]
[Black "Hund Gerhard"]
[Result "1-0"]
[WhiteElo "2150"]
[BlackElo "1980"]
[PlyCount "101"]

1. e4 d6 2. d4 Nf6 3. Nc3 Nbd7 4. Nf3 e6 5. Be2 Be7 6. e5 Ng8 7. Ne4 d5 8. Ng3
c5 9. c3 cxd4 10. cxd4 Bb4+ 11. Bd2 Qa5 12. Bxb4 Qxb4+ 13. Qd2 Qxd2+ 14. Nxd2
Ne7 15. f4 Nc6 16. Nf3 O-O 17. Kd2 f5 18. Rac1 Nb6 19. b3 Bd7 20. Bd3 Rac8 21.
Ne2 h6 22. h3 Nb4 23. Bb1 Rxc1 24. Rxc1 Rc8 25. Rxc8+ Nxc8 26. g4 fxg4 27. hxg4
Ne7 28. Nh4 Nbc6 29. f5 Kf7 30. Ke3 Nd8 31. Nf4 Bb5 32. Kd2 a5 33. Nhg2 b6 34.
Ne3 Bd7 35. Kc3 Ndc6 36. a3 Bc8 37. fxe6+ Bxe6 38. Nf5 Bxf5 39. gxf5 b5 40. b4
axb4+ 41. axb4 Na7 42. Ba2 Nxf5 43. Bxd5+ Ke8 44. Be4 Ne7 45. d5 g5 46. Nh5 Kd8
47. Kd4 Nec8 48. Kc5 Kd7 49. Bf5+ Kd8 50. d6 g4 51. Bxg4 1-0